[Event "Paracin op-A 18th"]
[Site "Paracin"]
[Date "2025.07.11"]
[Round "8"]
[White "Szakmary, Domonkos"]
[Black "Emujin, Enkh Amgalan"]
[Result "1/2-1/2"]
[WhiteElo "2155"]
[BlackElo "2021"]
[PlyCount "80"]
[EventDate "2025.07.04"]
[EventType "swiss"]
[EventRounds "9"]
[EventCountry "SRB"]
[SourceTitle "CB29_2025"]
[SourceDate "2025.07.16"]
[SourceVersion "1"]
[SourceVersionDate "2025.07.16"]
[SourceQuality "1"]

1. e4 e5 2. Nf3 Nc6 3. Bc4 Bc5 4. d3 Nf6 5. Nc3 h6 6. Be3 Bb6 7. Nd5 d6 8. a3 Nxd5 9. Bxd5 Ne7 10. Ba2 Ng6 11. Bxb6 axb6 12. g3 Qf6 13. Nd2 h5 14. Qe2 Bg4 15. f3 Be6 16. Bxe6 Qxe6 17. h4 d5 18. exd5 Qxd5 19. Qe4 0-0-0 20. Qxd5 Rxd5 21. Kf2 Ne7 22. Nc4 f6 23. Rhe1 Nc6 24. Ne3 Rd7 25. Rad1 Nd4 26. b4 c6 27. a4 Kc7 28. c3 Ne6 29. Nc2 Rd6 30. d4 exd4 31. Nxd4 Nxd4 32. Rxd4 Rxd4 33. cxd4 Kd6 34. a5 bxa5 35. bxa5 Ra8 36. Rb1 Kc7 37. Re1 Kd6 38. Rb1 Ra7 39. Ke3 Kd5 40. g4 g6 1/2-1/2

[Event "Paracin op-A 18th"]
[Site "Paracin"]
[Date "2025.07.10"]
[Round "7"]
[White "Emujin, Enkh Amgalan"]
[Black "Veljanoski, Andrej"]
[Result "1-0"]
[WhiteElo "2021"]
[BlackElo "2299"]
[PlyCount "71"]
[EventDate "2025.07.04"]
[EventType "swiss"]
[EventRounds "9"]
[EventCountry "SRB"]
[SourceTitle "CB29_2025"]
[SourceDate "2025.07.16"]
[SourceVersion "1"]
[SourceVersionDate "2025.07.16"]
[SourceQuality "1"]

1. d4 d5 2. c4 e6 3. Nc3 Nf6 4. Nf3 c6 5. Bg5 Nbd7 6. e3 h6 7. Bh4 g5 8. Bg3 Nh5 9. Bd3 Nxg3 10. hxg3 g4 11. Nd2 Nf6 12. Qb3 b6 13. 0-0-0 Bg7 14. e4 dxe4 15. Ndxe4 0-0 16. Bc2 Bd7 17. Qa3 Nxe4 18. Nxe4 f5 19. Nd6 c5 20. dxc5 Bc6 21. f4 gxf3 22. gxf3 bxc5 23. Nxf5 exf5 24. Rxd8 Raxd8 25. Qxc5 Bxf3 26. Rf1 Bd4 27. Qc7 Bg4 28. Re1 Bf6 29. c5 Kh8 30. Re6 Bg5+ 31. Kb1 Bh5 32. Qe5+ Kg8 33. Bb3 Kh7 34. a4 Rb8 35. Bc2 Bg4 36. c6 1-0

[Event "Paracin op-A 18th"]
[Site "Paracin"]
[Date "2025.07.05"]
[Round "3"]
[White "Emujin, Enkh Amgalan"]
[Black "Vaidyanathan, Kannan"]
[Result "1-0"]
[WhiteElo "2021"]
[BlackElo "2135"]
[PlyCount "135"]
[EventDate "2025.07.04"]
[EventType "swiss"]
[EventRounds "9"]
[EventCountry "SRB"]
[SourceTitle "CB29_2025"]
[SourceDate "2025.07.16"]
[SourceVersion "1"]
[SourceVersionDate "2025.07.16"]
[SourceQuality "1"]

1. d4 Nf6 2. c4 g6 3. Nc3 d5 4. Bf4 Bg7 5. e3 0-0 6. cxd5 Nxd5 7. Nxd5 Qxd5 8. Bxc7 Na6 9. Bxa6 Qxg2 10. Qf3 Qxf3 11. Nxf3 bxa6 12. Rc1 Bb7 13. Ke2 f6 14. Rc5 e6 15. Rhc1 g5 16. Nd2 h5 17. Nc4 Bd5 18. b3 f5 19. Nd6 Rf6 20. Ra5 Raf8 21. Rxa6 f4 22. e4 f3+ 23. Kd3 Ba8 24. Nb5 Rg6 25. Rxa7 Kh8 26. Bd6 Rd8 27. Rcc7 Kg8 28. Be7 Rb8 29. Nd6 g4 30. Rc8+ Rxc8 31. Nxc8 Bc6 32. Bd6 Bb5+ 33. Ke3 Rf6 34. Rxg7+ Kxg7 35. Be5 Kg6 36. Bxf6 Kxf6 37. Kf4 Ba6 38. Nd6 Ke7 39. e5 Kd7 40. Kg5 Kc6 41. Kxh5 Kd5 42. Kxg4 Kxd4 43. Kxf3 Kxe5 44. Nc4+ Kd4 45. h4 Bb7+ 46. Kf4 Be4 47. h5 Bb1 48. h6 Bh7 49. a4 Kd5 50. a5 Kc6 51. Ke5 Kc5 52. a6 Kc6 53. b4 Bg6 54. b5+ Kc7 55. b6+ Kb8 56. a7+ Kb7 57. Nd6+ Ka8 58. Nb5 Kb7 59. Nc7 Kxb6 60. a8Q Kxc7 61. h7 Bxh7 62. Qa7+ Kc6 63. Qxh7 Kb6 64. Kd6 Kb5 65. Qe4 Ka5 66. Kc6 e5 67. f3 Ka6 68. Qa4# 1-0

[Event "Paracin op-A 18th"]
[Site "Paracin"]
[Date "2025.07.04"]
[Round "1"]
[White "Emujin, Enkh Amgalan"]
[Black "Vasilkov, Nikolay"]
[Result "0-1"]
[WhiteElo "2021"]
[BlackElo "2288"]
[PlyCount "108"]
[EventDate "2025.07.04"]
[EventType "swiss"]
[EventRounds "9"]
[EventCountry "SRB"]
[SourceTitle "CB29_2025"]
[SourceDate "2025.07.16"]
[SourceVersion "1"]
[SourceVersionDate "2025.07.16"]
[SourceQuality "1"]

1. d4 Nf6 2. c4 e6 3. Nf3 d5 4. Nc3 dxc4 5. e4 b5 6. e5 Nd5 7. Nxb5 Nb6 8. Be2 Nc6 9. 0-0 Be7 10. Be3 Bb7 11. Rc1 0-0 12. Qd2 Qd7 13. Rfd1 Nb4 14. Nc3 h6 15. a3 N4d5 16. Ne4 Nxe3 17. Qxe3 Qb5 18. b4 a5 19. Nfd2 axb4 20. axb4 Bd5 21. Rb1 Ra7 22. Nc5 Qc6 23. f3 Rfa8 24. Nde4 Ra3 25. Qc1 R8a7 26. Nc3 Bg5 27. Qb2 Qa8 28. Kf1 Bf4 29. Nb5 c3 30. Nxc3 Bc4 31. Nd3 Be3 32. Nc1 Qd8 33. g3 Qa8 34. Kg2 Bxc1 35. Qxc1 Rxc3 36. Qxc3 Bxe2 37. Rd2 Bc4 38. Rf2 Ra3 39. Qd2 Bd5 40. Qf4 Nc4 41. Re1 Qb7 42. h4 Qxb4 43. Ree2 Qb1 44. g4 Qd1 45. Kg3 Bxf3 46. Rxf3 Qxe2 47. Qxf7+ Kh7 48. Rxa3 Nxa3 49. Qxe6 Qd3+ 50. Kg2 Nc2 51. Qd7 Nxd4 52. Qxc7 Qe4+ 53. Kh3 Qf3+ 54. Kh2 Qf2+ 0-1

[Event "Titled Tuesday intern op 25th Feb Early"]
[Site "Chess.com INT"]
[Date "2025.02.25"]
[Round "6"]
[White "Emujin, Enkh Amgalan"]
[Black "Karpenko, Anton"]
[Result "1/2-1/2"]
[WhiteElo "2008"]
[BlackElo "2207"]
[PlyCount "86"]
[EventDate "2025.02.25"]
[EventType "swiss (blitz)"]
[EventRounds "11"]
[EventCountry "USA"]
[SourceTitle "CB10_2025"]
[SourceDate "2025.03.05"]
[SourceVersion "1"]
[SourceVersionDate "2025.03.05"]
[SourceQuality "1"]

1. d4 Nf6 2. c4 g6 3. Nc3 Bg7 4. e4 d6 5. Be2 0-0 6. Nf3 e5 7. 0-0 Nc6 8. d5 Ne7 9. b4 a5 10. Ba3 axb4 11. Bxb4 b6 12. a4 Ne8 13. Nd2 c5 14. dxc6 Nxc6 15. Ba3 Nd4 16. Bd3 Nc7 17. Rb1 Nce6 18. Nd5 Nc5 19. Nxb6 Ra6 20. Bxc5 dxc5 21. Nxc8 Qxc8 22. Nb3 Qa8 23. Nxc5 Ra5 24. Nd7 Rd8 25. Nb6 Qc6 26. Nd5 Bf8 27. Nc3 Ne6 28. Qc2 Nc5 29. Nd5 Rxa4 30. Rb6 Qa8 31. Rb2 Qa5 32. Be2 Ra3 33. h3 Ne6 34. Bg4 Nd4 35. Qc1 h5 36. Bxh5 gxh5 37. Qg5+ Bg7 38. Nf6+ Kf8 39. Nxh5 Bh8 40. Qh6+ Ke7 41. Qg5+ Kf8 42. Qh6+ Kg8 43. Qg5+ Kf8 1/2-1/2

[Event "Titled Tuesday intern op 25th Feb Early"]
[Site "Chess.com INT"]
[Date "2025.02.25"]
[Round "4"]
[White "Golis, Wiktor"]
[Black "Emujin, Enkh Amgalan"]
[Result "0-1"]
[WhiteElo "2234"]
[BlackElo "2008"]
[PlyCount "110"]
[EventDate "2025.02.25"]
[EventType "swiss (blitz)"]
[EventRounds "11"]
[EventCountry "USA"]
[SourceTitle "CB10_2025"]
[SourceDate "2025.03.05"]
[SourceVersion "1"]
[SourceVersionDate "2025.03.05"]
[SourceQuality "1"]

1. e4 e5 2. Nf3 Nc6 3. Bc4 Nf6 4. Ng5 d5 5. exd5 Na5 6. Bb5+ c6 7. dxc6 bxc6 8. Bd3 Nd5 9. Nf3 Bd6 10. 0-0 0-0 11. Re1 f5 12. Nxe5 Qf6 13. Nf3 g5 14. Nc3 g4 15. Nxd5 cxd5 16. Be2 gxf3 17. Bxf3 Bb7 18. d4 Rae8 19. Rxe8 Rxe8 20. b3 Qxd4 21. Be3 Qxd1+ 22. Rxd1 f4 23. Bd2 Bc7 24. h3 d4 25. Bh5 Re7 26. Bb4 Rg7 27. Bxa5 Rxg2+ 28. Kf1 Bxa5 29. Rxd4 f3 30. Rd7 Be4 31. Rd4 Bxc2 32. Bxf3 Rg5 33. h4 Rf5 34. Kg2 Bb6 35. Rc4 Bd3 36. Rc3 Be2 37. a4 Bxf3+ 38. Rxf3 Rxf3 39. Kxf3 Kf7 40. Kg3 Ke6 41. f4 Kf5 42. Kf3 Bd8 43. b4 Bxh4 44. b5 Bd8 45. Kg3 Bb6 46. Kf3 h5 47. Kg3 Bc7 48. Kh4 Kg6 49. f5+ Kxf5 50. Kxh5 Ke5 51. Kg6 Kd5 52. Kf7 Kc5 53. Ke6 Kb4 54. Kd7 Bb6 55. Kc6 Kxa4 0-1

[Event "Swiss Queens Wed #40"]
[Site "FIDE Online Arena INT"]
[Date "2024.10.30"]
[Round "11"]
[White "Arabidze, Meri"]
[Black "Emujin, Enkh Amgalan"]
[Result "1-0"]
[WhiteElo "2457"]
[BlackElo "2008"]
[PlyCount "81"]
[EventDate "2024.10.30"]
[EventType "swiss (blitz)"]
[EventRounds "11"]
[EventCountry "NET"]
[SourceTitle "CB45_2024"]
[Source "ChessBase"]
[SourceDate "2024.11.06"]
[SourceVersion "1"]
[SourceVersionDate "2024.11.06"]
[SourceQuality "1"]

1. b3 e5 2. Bb2 Nc6 3. c4 d6 4. g3 g6 5. Bg2 Bg7 6. Nc3 Nge7 7. d3 0-0 8. Nf3 f5 9. 0-0 h6 10. Nd2 Be6 11. a3 g5 12. b4 a6 13. Nd5 Ng6 14. a4 f4 15. e3 fxe3 16. fxe3 Qd7 17. b5 axb5 18. axb5 Rxa1 19. Qxa1 Nd8 20. Ne4 Bxd5 21. cxd5 Qxb5 22. Qa3 Rxf1+ 23. Kxf1 Kf8 24. Nd2 Ne7 25. e4 g4 26. Nc4 h5 27. Ke2 Qa6 28. Qb3 b5 29. Ne3 Nb7 30. h3 Nc5 31. Qc2 gxh3 32. Bxh3 b4 33. Nc4 b3 34. Qc1 Ke8 35. Qf1 Nxe4 36. Qf3 Ng5 37. Qxh5+ Nf7 38. Be6 Kd8 39. Qxf7 Bh6 40. Qf6 e4 41. Qh8+ 1-0

[Event "Titled Tuesday intern op 24th Sep Early"]
[Site "Chess.com INT"]
[Date "2024.09.24"]
[Round "11"]
[White "Glek, Igor Vladimirovich"]
[Black "Emujin, Enkh Amgalan"]
[Result "1-0"]
[WhiteElo "2402"]
[BlackElo "2008"]
[PlyCount "51"]
[EventDate "2024.09.24"]
[EventType "swiss (blitz)"]
[EventRounds "11"]
[EventCountry "USA"]
[SourceTitle "EXT 2025"]
[Source "ChessBase"]
[SourceDate "2024.10.14"]
[SourceVersion "1"]
[SourceVersionDate "2024.10.14"]
[SourceQuality "1"]

1. Nf3 d5 2. b3 c5 3. Bb2 Nf6 4. g3 e6 5. Bg2 Nc6 6. 0-0 Be7 7. d4 0-0 8. Nbd2 b6 9. c4 Bb7 10. cxd5 Nxd5 11. dxc5 Bxc5 12. a3 Nce7 13. e4 Nf6 14. b4 Bd6 15. e5 Bxe5 16. Nxe5 Bxg2 17. Kxg2 Qd5+ 18. Ndf3 Qe4 19. Re1 Qf5 20. Nd4 Qg5 21. h4 Qh6 22. Bc1 Qh5 23. Bg5 Ned5 24. g4 Nxg4 25. Qxg4 Qg6 26. Nxg6 1-0

[Event "Titled Tuesday intern op 17th Sep Early"]
[Site "Chess,com INT"]
[Date "2024.09.17"]
[Round "1"]
[White "Emujin, Enkh Amgalan"]
[Black "Mohamed, Anees M"]
[Result "0-1"]
[WhiteElo "2008"]
[BlackElo "2347"]
[PlyCount "94"]
[EventDate "2024.09.17"]
[EventType "swiss (blitz)"]
[EventRounds "11"]
[EventCountry "USA"]
[SourceTitle "EXT 2025"]
[Source "ChessBase"]
[SourceDate "2024.10.14"]
[SourceVersion "1"]
[SourceVersionDate "2024.10.14"]
[SourceQuality "1"]

1. e4 d6 2. d4 Nf6 3. Nc3 e5 4. dxe5 dxe5 5. Qxd8+ Kxd8 6. Bg5 Be6 7. 0-0-0+ Nbd7 8. Nf3 Kc8 9. Be3 h6 10. Nd2 c6 11. f4 Ng4 12. Bg1 exf4 13. h3 Ne3 14. Bxe3 fxe3 15. Nf3 Kc7 16. Re1 Bc5 17. Na4 Bd6 18. c4 Bg3 19. Rd1 Rad8 20. Be2 Ne5 21. b3 Nxf3 22. Bxf3 Rxd1+ 23. Rxd1 b6 24. Kc2 f5 25. Kd3 f4 26. Ke2 h5 27. Nb2 g5 28. e5 g4 29. hxg4 hxg4 30. Be4 Rh5 31. Nd3 a5 32. a3 Bf5 33. Bxf5 Rxf5 34. Rf1 Kd7 35. Rd1 Ke6 36. b4 a4 37. c5 b5 38. Rf1 Rf7 39. Rh1 Kf5 40. Rh6 Kg5 41. Rxc6 Rh7 42. Ne1 Rh1 43. Nd3 Rg1 44. e6 Rxg2+ 45. Kf1 Rd2 46. e7 e2+ 47. Kg2 e1Q+ 0-1

[Event "Titled Tuesday intern op 17th Sep Early"]
[Site "Chess,com INT"]
[Date "2024.09.17"]
[Round "3"]
[White "Emujin, Enkh Amgalan"]
[Black "Purtseladze, Maka"]
[Result "0-1"]
[WhiteElo "2008"]
[BlackElo "2261"]
[PlyCount "86"]
[EventDate "2024.09.17"]
[EventType "swiss (blitz)"]
[EventRounds "11"]
[EventCountry "USA"]
[SourceTitle "EXT 2025"]
[Source "ChessBase"]
[SourceDate "2024.10.14"]
[SourceVersion "1"]
[SourceVersionDate "2024.10.14"]
[SourceQuality "1"]

1. e4 c6 2. d4 d5 3. Nc3 dxe4 4. Nxe4 Bf5 5. Ng3 Bg6 6. h4 h6 7. Nf3 Nd7 8. h5 Bh7 9. Bd3 Bxd3 10. Qxd3 e6 11. Bd2 Ngf6 12. 0-0-0 Be7 13. Kb1 0-0 14. Ne4 c5 15. dxc5 Nxc5 16. Nxc5 Bxc5 17. Qe2 Qb6 18. Ne5 Bxf2 19. Rhf1 Bd4 20. Nc4 Qa6 21. c3 Rac8 22. cxd4 Qxc4 23. Qxc4 Rxc4 24. Bxh6 Nxh5 25. Be3 Ng3 26. Rf3 Nf5 27. Rh1 Nxe3 28. Rfh3 f6 29. Rxe3 Kf7 30. Rd1 Rd8 31. Red3 Rd5 32. b3 Rc6 33. Kb2 Rcd6 34. Kc3 e5 35. dxe5 Rxd3+ 36. Rxd3 Rxd3+ 37. Kxd3 fxe5 38. Ke4 Ke6 39. g3 g6 40. a3 b5 41. a4 bxa4 42. bxa4 a5 43. g4 g5 0-1

[Event "Titled Tuesday intern op 17th Sep Early"]
[Site "Chess,com INT"]
[Date "2024.09.17"]
[Round "4"]
[White "Lama, Himal"]
[Black "Emujin, Enkh Amgalan"]
[Result "0-1"]
[WhiteElo "2059"]
[BlackElo "2008"]
[PlyCount "68"]
[EventDate "2024.09.17"]
[EventType "swiss (blitz)"]
[EventRounds "11"]
[EventCountry "USA"]
[SourceTitle "EXT 2025"]
[Source "ChessBase"]
[SourceDate "2024.10.14"]
[SourceVersion "1"]
[SourceVersionDate "2024.10.14"]
[SourceQuality "1"]

1. e4 e5 2. Nf3 Nc6 3. Bb5 a6 4. Ba4 Nf6 5. 0-0 Be7 6. Re1 b5 7. Bb3 d6 8. c3 0-0 9. h3 Na5 10. Bc2 c5 11. d4 Qc7 12. Nbd2 cxd4 13. cxd4 Nc6 14. d5 Nb4 15. Bb1 a5 16. a3 Na6 17. Nf1 Bd7 18. Ng3 Rfc8 19. Nh4 Nc5 20. Nhf5 Bf8 21. Bg5 Ne8 22. Ba2 f6 23. Bd2 Qb6 24. Rc1 b4 25. Be3 bxa3 26. bxa3 Qb2 27. Rc2 Qxa3 28. Qg4 Kh8 29. Qh4 Nd3 30. Rd2 Nxe1 31. Nh5 Bxf5 32. exf5 Qb4 33. Qg3 Nc2 34. Qh2 Nxe3 0-1

[Event "Titled Tuesday intern op 10th Sep Early"]
[Site "Chess,com INT"]
[Date "2024.09.10"]
[Round "10"]
[White "Braun, Christian1"]
[Black "Emujin, Enkh Amgalan"]
[Result "0-1"]
[WhiteElo "2400"]
[BlackElo "2008"]
[PlyCount "42"]
[EventDate "2024.09.10"]
[EventType "swiss (blitz)"]
[EventRounds "11"]
[EventCountry "USA"]
[SourceTitle "EXT 2025"]
[Source "ChessBase"]
[SourceDate "2024.10.14"]
[SourceVersion "1"]
[SourceVersionDate "2024.10.14"]
[SourceQuality "1"]

1. d4 d5 2. Nc3 Nf6 3. Bf4 c6 4. e3 Bf5 5. Nf3 h6 6. Bd3 Bxd3 7. cxd3 e6 8. 0-0 Nbd7 9. h3 Be7 10. a3 0-0 11. b4 a5 12. b5 c5 13. dxc5 Nxc5 14. Na4 Nxa4 15. Qxa4 Nd7 16. Rfc1 Nc5 17. Qd1 a4 18. Nd2 Nxd3 19. Rc7 Nxf4 20. Rxb7 Nd3 21. Qc2 Nc5 0-1

[Event "Titled Tuesday intern op 10th Sep Early"]
[Site "Chess,com INT"]
[Date "2024.09.10"]
[Round "6"]
[White "Diachek, Andriy"]
[Black "Emujin, Enkh Amgalan"]
[Result "1/2-1/2"]
[WhiteElo "2162"]
[BlackElo "2008"]
[PlyCount "156"]
[EventDate "2024.09.10"]
[EventType "swiss (blitz)"]
[EventRounds "11"]
[EventCountry "USA"]
[SourceTitle "EXT 2025"]
[Source "ChessBase"]
[SourceDate "2024.10.14"]
[SourceVersion "1"]
[SourceVersionDate "2024.10.14"]
[SourceQuality "1"]

1. e4 e5 2. Nf3 Nc6 3. Bb5 a6 4. Ba4 Nf6 5. 0-0 Be7 6. Re1 b5 7. Bb3 d6 8. c3 0-0 9. h3 Na5 10. Bc2 c5 11. d4 Qc7 12. Nbd2 cxd4 13. cxd4 Nc6 14. Nb3 a5 15. Be3 a4 16. Nbd2 Bd7 17. a3 Rfe8 18. Bd3 Qb7 19. b4 axb3 20. Qxb3 exd4 21. Nxd4 Ne5 22. Bxb5 Reb8 23. a4 Nxe4 24. Bxd7 Qxd7 25. Nb5 Nxd2 26. Bxd2 Bf6 27. Bc3 Qc6 28. Rad1 Rd8 29. Kh1 h6 30. f4 Bh4 31. fxe5 Bxe1 32. Rxe1 dxe5 33. Bxe5 Rd2 34. Qg3 f6 35. Bc3 Rd7 36. Nd4 Qxa4 37. Nf5 Kh7 38. Nh4 Qc2 39. Bb4 Rd1 40. Kh2 Rxe1 41. Qxe1 Ra2 42. Bd6 Qd3 43. Bg3 Re2 44. Qc1 f5 45. Qc8 f4 46. Bxf4 Qe4 47. Bg3 g5 48. Qd7+ Kg8 49. Qd8+ Kf7 50. Qc7+ Kf6 51. Qd6+ Qe6 52. Qf8+ Qf7 53. Qxh6+ Ke7 54. Qxg5+ Qf6 55. Qxf6+ Kxf6 56. Nf3 Ra2 57. Bf4 Kf5 58. Kg3 Ra4 59. Be3 Ra3 60. Bf2 Rb3 61. Kh2 Rb2 62. Be3 Rb3 63. Bd2 Rb2 64. g4+ Ke4 65. Kg3 Rb3 66. Kh4 Rxf3 67. Bh6 Ke5 68. Bg7+ Ke6 69. Bb2 Rf2 70. Bd4 Rd2 71. Be3 Re2 72. Bf4 Rf2 73. Kg5 Ra2 74. h4 Ra5+ 75. Kg6 Ra4 76. Kg5 Ra5+ 77. Kg6 Ra4 78. Kg5 Ra5+ 1/2-1/2

[Event "Titled Tuesday intern op 10th Sep Early"]
[Site "Chess,com INT"]
[Date "2024.09.10"]
[Round "1"]
[White "Emujin, Enkh Amgalan"]
[Black "Bilan, Danila"]
[Result "0-1"]
[WhiteElo "2008"]
[BlackElo "2303"]
[PlyCount "100"]
[EventDate "2024.09.10"]
[EventType "swiss (blitz)"]
[EventRounds "11"]
[EventCountry "USA"]
[SourceTitle "EXT 2025"]
[Source "ChessBase"]
[SourceDate "2024.10.14"]
[SourceVersion "1"]
[SourceVersionDate "2024.10.14"]
[SourceQuality "1"]

1. e4 c6 2. d4 d5 3. Nc3 b5 4. exd5 b4 5. Ne4 cxd5 6. Ng3 Nf6 7. Nf3 Nc6 8. Bb5 Qb6 9. Qe2 Bd7 10. Bxc6 Bxc6 11. Nf5 e6 12. Bf4 Bb5 13. Qe5 Rc8 14. Rc1 Rg8 15. Nd6+ Bxd6 16. Qxd6 Qxd6 17. Bxd6 a5 18. Nd2 Rc6 19. Be5 Nd7 20. Bg3 Ke7 21. f3 Rgc8 22. Kd1 Ba4 23. b3 Bb5 24. Re1 Bd3 25. Re3 Bxc2+ 26. Ke1 Bg6 27. Rxc6 Rxc6 28. Re2 Rc1+ 29. Kf2 Ra1 30. f4 Rxa2 31. Bh4+ f6 32. g4 Bd3 33. Re3 Rxd2+ 34. Ke1 Rxh2 35. Bg3 Re2+ 36. Rxe2 Bxe2 37. Kxe2 f5 38. g5 Kf7 39. Kd3 Nb8 40. Be1 Nc6 41. Bd2 Kg6 42. Be3 Kh5 43. Ke2 Kg4 44. Kf2 h5 45. Kg2 h4 46. Kf2 g6 47. Kg2 Na7 48. Kf2 Nb5 49. Kg2 Nc3 50. Kf2 h3 0-1

[Event "Titled Tuesday intern op 10th Sep Early"]
[Site "Chess,com INT"]
[Date "2024.09.10"]
[Round "5"]
[White "Emujin, Enkh Amgalan"]
[Black "Ingebretsen, Jens E"]
[Result "0-1"]
[WhiteElo "2008"]
[BlackElo "2419"]
[PlyCount "72"]
[EventDate "2024.09.10"]
[EventType "swiss (blitz)"]
[EventRounds "11"]
[EventCountry "USA"]
[SourceTitle "EXT 2025"]
[Source "ChessBase"]
[SourceDate "2024.10.14"]
[SourceVersion "1"]
[SourceVersionDate "2024.10.14"]
[SourceQuality "1"]

1. e4 e5 2. Nf3 Nc6 3. Bb5 a6 4. Ba4 Nf6 5. 0-0 b5 6. Bb3 Bc5 7. Nxe5 Nxe5 8. d4 Bxd4 9. Qxd4 d6 10. c3 c5 11. Qe3 c4 12. Bc2 Bb7 13. f4 Neg4 14. Qd4 0-0 15. h3 Nh6 16. f5 d5 17. e5 Ne4 18. Bxh6 gxh6 19. Rf4 f6 20. e6 Qe7 21. Nd2 Rad8 22. Rg4+ Kh8 23. Rd1 h5 24. Rh4 Rg8 25. Rxh5 Qg7 26. g4 Ng3 27. Qb6 Nxh5 28. Re1 Nf4 29. e7 Rde8 30. Bd1 Rxe7 31. Rf1 Nxh3+ 32. Kh2 Ng5 33. Nf3 Nxf3+ 34. Bxf3 Qg5 35. Kg3 Rge8 36. Qd6 Re5 0-1

[Event "Titled Tuesday intern op 10th Sep Early"]
[Site "Chess,com INT"]
[Date "2024.09.10"]
[Round "4"]
[White "Emujin, Enkh Amgalan"]
[Black "Reprintsev, Alexander"]
[Result "1-0"]
[WhiteElo "2008"]
[BlackElo "2230"]
[PlyCount "111"]
[EventDate "2024.09.10"]
[EventType "swiss (blitz)"]
[EventRounds "11"]
[EventCountry "USA"]
[SourceTitle "EXT 2025"]
[Source "ChessBase"]
[SourceDate "2024.10.14"]
[SourceVersion "1"]
[SourceVersionDate "2024.10.14"]
[SourceQuality "1"]

1. e4 d5 2. exd5 Qxd5 3. Nc3 Qa5 4. Nf3 Nc6 5. d4 Bg4 6. Bb5 0-0-0 7. Bxc6 bxc6 8. 0-0 Nf6 9. h3 Bxf3 10. Qxf3 Rxd4 11. Qxc6 Qb6 12. Qa8+ Qb8 13. Qf3 Qb7 14. Qf5+ e6 15. Qe5 Rd7 16. Be3 Bd6 17. Qa5 Bb4 18. Qxa7 Qxa7 19. Bxa7 Bxc3 20. bxc3 c6 21. Be3 Nd5 22. Bd4 f6 23. f4 Rc7 24. c4 Nb4 25. Rf2 c5 26. Bc3 Nc6 27. Re2 Re8 28. a4 Nd4 29. Rd2 e5 30. fxe5 fxe5 31. Rb1 Re6 32. a5 Rf7 33. Bxd4 exd4 34. Rb5 Rc7 35. Rd1 Kd7 36. Rf1 Ke7 37. Rf5 Rec6 38. Kf2 Ke6 39. Rd5 g6 40. Ke2 h5 41. Kd3 Rc8 42. Ke4 Kf6 43. Rd7 Re8+ 44. Kd5 Rcc8 45. Rb6+ Kg5 46. a6 Re2 47. a7 Ra8 48. Rb8 Rxa7 49. Rxa7 Rxc2 50. Kxc5 Rxg2 51. Kxd4 Kh4 52. c5 Kxh3 53. c6 Rd2+ 54. Ke3 Rc2 55. c7 g5 56. c8Q+ 1-0

[Event "Titled Tuesday intern op 10th Sep Early"]
[Site "Chess,com INT"]
[Date "2024.09.10"]
[Round "7"]
[White "Matyassy, Lazar"]
[Black "Emujin, Enkh Amgalan"]
[Result "1-0"]
[WhiteElo "2225"]
[BlackElo "2008"]
[PlyCount "109"]
[EventDate "2024.09.10"]
[EventType "swiss (blitz)"]
[EventRounds "11"]
[EventCountry "USA"]
[SourceTitle "EXT 2025"]
[Source "ChessBase"]
[SourceDate "2024.10.14"]
[SourceVersion "1"]
[SourceVersionDate "2024.10.14"]
[SourceQuality "1"]

1. d4 d5 2. Nc3 Nf6 3. Bf4 c6 4. e3 Bf5 5. Nf3 h6 6. Ne5 Nbd7 7. Bd3 Bxd3 8. cxd3 e6 9. 0-0 Nxe5 10. Bxe5 Be7 11. a3 0-0 12. b4 Rc8 13. Rb1 a5 14. b5 c5 15. dxc5 Bxc5 16. Qb3 Nd7 17. Bg3 Be7 18. Na4 Nc5 19. Nxc5 Rxc5 20. Rfc1 Qb6 21. a4 Rfc8 22. Qb2 Bf6 23. d4 Rc4 24. h3 Be7 25. Rxc4 Rxc4 26. Rc1 Qd8 27. Rxc4 dxc4 28. Qc2 Qc8 29. f3 c3 30. Be1 Bb4 31. Kf2 Qc4 32. f4 g6 33. Kf3 Qd5+ 34. Kf2 Qc4 35. Kf3 Qd5+ 36. Kg3 Qc4 37. Bf2 Qf1 38. e4 h5 39. d5 exd5 40. exd5 Qc4 41. f5 Qxd5 42. fxg6 Bd6+ 43. Kh4 Qd2 44. gxf7+ Kxf7 45. Qf5+ Ke7 46. Bb6 c2 47. Qe4+ Kd7 48. Qxb7+ Ke6 49. Qe4+ Be5 50. Be3 Qd5 51. Qxc2 Bf6+ 52. Kg3 Be5+ 53. Kf2 Qd8 54. Qg6+ Bf6 55. Qxh5 1-0

[Event "Titled Tuesday intern op 03rd Sep Early"]
[Site "Chess.com INT"]
[Date "2024.09.03"]
[Round "5"]
[White "Brzezina, Piotr"]
[Black "Emujin, Enkh Amgalan"]
[Result "1-0"]
[WhiteElo "2341"]
[BlackElo "2008"]
[PlyCount "87"]
[EventDate "2024.09.03"]
[EventType "swiss (blitz)"]
[EventRounds "11"]
[EventCountry "USA"]
[SourceTitle "EXT 2025"]
[Source "ChessBase"]
[SourceDate "2024.10.14"]
[SourceVersion "1"]
[SourceVersionDate "2024.10.14"]
[SourceQuality "1"]

1. Nf3 d5 2. e3 c5 3. b3 Nc6 4. Bb2 Nf6 5. d4 Bf5 6. Bd3 Bxd3 7. Qxd3 e6 8. 0-0 cxd4 9. exd4 Be7 10. c4 0-0 11. Nbd2 Rc8 12. Ne5 dxc4 13. Ndxc4 Nxe5 14. Nxe5 Nd5 15. Rac1 Qa5 16. a4 Nb4 17. Qf3 Rxc1 18. Rxc1 Qd5 19. Rc7 Bf6 20. Qxd5 Nxd5 21. Rxb7 Rd8 22. g3 a5 23. Nc6 Ra8 24. Nxa5 g6 25. Nc6 Rc8 26. Ne5 Rc2 27. Ba3 Ra2 28. Rb8+ Bd8 29. Rxd8+ Kg7 30. Bf8+ Kf6 31. Rd7 Kf5 32. Rxf7+ Ke4 33. Bc5 Rb2 34. a5 Rxb3 35. a6 Rb1+ 36. Kg2 Ra1 37. a7 Ra2 38. Rf8 Ne3+ 39. Kh3 Nd5 40. a8Q Rxa8 41. Rxa8 g5 42. Rh8 Nf6 43. f3+ Kd5 44. Rf8 1-0

[Event "Titled Tuesday intern op 03rd Sep Early"]
[Site "Chess.com INT"]
[Date "2024.09.03"]
[Round "11"]
[White "Yang, Kaiqi"]
[Black "Emujin, Enkh Amgalan"]
[Result "1-0"]
[WhiteElo "2481"]
[BlackElo "2008"]
[PlyCount "105"]
[EventDate "2024.09.03"]
[EventType "swiss (blitz)"]
[EventRounds "11"]
[EventCountry "USA"]
[SourceTitle "EXT 2025"]
[Source "ChessBase"]
[SourceDate "2024.10.14"]
[SourceVersion "1"]
[SourceVersionDate "2024.10.14"]
[SourceQuality "1"]

1. Nf3 d5 2. c4 c6 3. g3 Nf6 4. Bg2 e6 5. 0-0 dxc4 6. a4 Be7 7. Qc2 Qd5 8. Na3 0-0 9. Nxc4 Na6 10. Nfe5 Qd8 11. a5 Nb4 12. Qa4 Nd7 13. d3 Nxe5 14. Nxe5 f6 15. Nc4 e5 16. Bd2 Na6 17. b4 Be6 18. Rfc1 Rc8 19. Rab1 Bd5 20. e4 Bxc4 21. Rxc4 Qxd3 22. Qc2 Qxc2 23. Rxc2 Nc7 24. Bh3 Rcd8 25. Be3 Nb5 26. a6 bxa6 27. Rxc6 Rd6 28. Rbc1 Rfd8 29. Be6+ Kf8 30. Bd5 Rxc6 31. Rxc6 Bxb4 32. Rxa6 Nc3 33. Bc6 Rd6 34. Bxa7 Nxe4 35. Bb8 Rd1+ 36. Kg2 Nc5 37. Rb6 Bc3 38. Ba7 Bd4 39. Rb8+ Kf7 40. Be8+ Ke6 41. Rb6+ Kd5 42. Bf7+ Ke4 43. Rc6 Nd3 44. f3+ Ke3 45. Bxd4+ exd4 46. Re6+ Kd2 47. Bg8 Ne1+ 48. Kh3 Nxf3 49. Rd6 d3 50. Kg2 Ne5 51. Bxh7 Ke3 52. h4 d2 53. Bf5 1-0